LEADER 02100nam 2200565Ia 450 001 9910462166003321 005 20200520144314.0 010 $a0-8262-7297-5 035 $a(CKB)2670000000276029 035 $a(EBL)3440815 035 $a(SSID)ssj0000798993 035 $a(PQKBManifestationID)11510610 035 $a(PQKBTitleCode)TC0000798993 035 $a(PQKBWorkID)10755667 035 $a(PQKB)10520609 035 $a(MiAaPQ)EBC3440815 035 $a(OCoLC)868031116 035 $a(MdBmJHUP)muse26131 035 $a(Au-PeEL)EBL3440815 035 $a(CaPaEBR)ebr10615170 035 $a(OCoLC)929155301 035 $a(EXLCZ)992670000000276029 100 $a20121115d2012 uy 0 101 0 $aeng 135 $aur|n|---||||| 181 $ctxt 182 $cc 183 $acr 200 14$aThe patience of Pearl$b[electronic resource] $espiritualism and authorship in the writings of Pearl Curran /$fDaniel B. Shea 210 $aColumbia, Mo. $cUniversity of Missouri Press$dc2012 215 $a1 online resource (296 p.) 300 $aDescription based upon print version of record. 311 $a0-8262-1989-6 320 $aIncludes bibliographical references and index. 327 $aIntroduction : from spiritualism to vivisection -- ch. 1. Domestic oracle and her genealogy -- ch. 2. From Pearl to Patience -- ch. 3. Pearl vs. Patience : medium vs. control -- ch. 4. What Patience wrote -- ch. 5. An occult vocabulary and the problem of knowledge -- ch. 6. Dissecting a specter -- ch. 7. Pearl and Patience in the twenties -- ch. 8. City of Angels -- ch. 9. Neural Pearl : automaticity for all. 517 3 $aWritings of Pearl Curran 606 $aSpiritualism 606 $aSpirit writings 608 $aElectronic books. 615 0$aSpiritualism. 615 0$aSpirit writings. 676 $a133.9 700 $aShea$b Daniel B$g(Daniel Bartholomew)$0939556 801 0$bMiAaPQ 801 1$bMiAaPQ 801 2$bMiAaPQ 906 $aBOOK 912 $a9910462166003321 996 $aThe patience of Pearl$92117989 997 $aUNINA LEADER 01165nas 2200385-a 450 001 996202310903316 005 20230227213019.0 035 $a(OCoLC)61313049 035 $a(CKB)954921405248 035 $a(CONSER)--2011250767 035 $a(EXLCZ)99954921405248 100 $a20050822a19859999 s-- - 101 0 $aeng 135 $aurun||||||||| 181 $ctxt$2rdacontent 182 $cc$2rdamedia 183 $acr$2rdacarrier 200 10$aCommercial lending review 210 $aBoston, Mass. $cJohn Colet Press 210 2 $a[Place of publication not identified] $cInstitutional Investor, Inc 210 3 $aChicago, Ill. $cCCH Inc., a WoltersKluwer Co 311 $a0886-8204 517 1 $aCom. Lending Rev 606 $aCommercial loans$vPeriodicals 606 $aCommercial loans$2fast$3(OCoLC)fst00869545 608 $aPeriodicals.$2fast 610 $aABI/Inform$aText files. 610 $aTitles of electronic journals. 615 0$aCommercial loans 615 7$aCommercial loans. 676 $a332.1/753/05 906 $aJOURNAL 912 $a996202310903316 996 $aCommercial lending review$92317295 997 $aUNISA